Monuments de Bourgogne-Franche-Comté - mort subite - Statistiques

Statistiques générales
  • Ce quiz a été pris 103 fois
  • Le résultat moyen est 9 sur 18
Answers on the Grid
Answers color-coded by a green-red scale on the quiz's grid according to % correct below.
Citadelle de Besançon
Saline Royale d'Arc-et-Senans
Château de Joux
Lion de Belfort
Chapelle de Ronchamp
Théâtre antique de Mandeure
Château des Ducs de Wurtemberg
Tour des Échevins de Luxeuil-les-Bains
Abbaye de Baume-les-Messieurs
Hospices de Beaune
Abbaye de Cluny
Fosse Dionne
Tour de l'Horloge d'Auxerre
Palais des Ducs de Bourgogne
Bibracte
Site archéologique d'Alésia
Basilique de Vézelay
Abbaye de Fontenay
Citadelle de Briançon
Thermes de Plombières-les-Bains
Monastère royal de Brou
Sanctuaire du mont Sainte-Odile
Abbaye de Hautecombe
Château d'Yvoire
Basilique Sainte-Jeanne d'Arc
Place Stanislas
Porte des Allemands
Bibliothèque Humaniste
Haras national du Pin
Mémorial Charles de Gaulle
Le Gros Horloge
Monastère de la Grande Chartreuse
Familistère de Guise
Ossuaire de Douaumont
Cité médiévale de Mirepoix
Place ducale
 
Statistiques - réponses
Réponse % Correct
Hospices de Beaune
81%
Palais des Ducs de Bourgogne
81%
Abbaye de Baume-les-Messieurs
56%
Abbaye de Cluny
56%
Abbaye de Fontenay
56%
Lion de Belfort
56%
Saline Royale d'Arc-et-Senans
56%
Site archéologique d'Alésia
56%
Tour de l'Horloge d'Auxerre
56%
Basilique de Vézelay
50%
Citadelle de Besançon
50%
Bibracte
44%
Château de Joux
38%
Fosse Dionne
38%
Tour des Échevins de Luxeuil-les-Bains
38%
Théâtre antique de Mandeure
31%
Chapelle de Ronchamp
19%
Château des Ducs de Wurtemberg
13%
Aucun quiz correspondant
Distribution des résultats
% des personnes avec chaque résultat
Percentile par nombre de réponses
Votre historique - résultats
Vous n’avez pas pris ce quiz